[Event "XXXIV Festival Conca della Presolana Open A"]
[Site "Bratto - Castione della Presolana ITA"]
[Date "2014.08.29"]
[Round "7"]
[White "Girgenti, Giuseppe"]
[Black "Raselli, Claudio"]
[WhiteElo "1960"]
[BlackElo "1867"]
[Result "1/2-1/2"]
[PlyCount "101"]
[EventDate "2014.08.23"]

1. e4 c5 2. Nc3 Nc6 3. Nf3 e6 4. Bb5 Qc7 5. Bxc6 Qxc6 6. O-O Nf6 7. Re1 d6 8.
d4 cxd4 9. Nxd4 Qc7 10. Bg5 a6 11. Qf3 Be7 12. Rad1 O-O 13. Kh1 b5 14. a3 Bb7
15. Bxf6 Bxf6 16. Qe3 Rfd8 17. f3 Rac8 18. Re2 Qc5 19. Qd3 g6 20. Nb1 Qc4 21.
Qxc4 Rxc4 22. c3 d5 23. e5 Be7 24. Nd2 Rc7 25. N2b3 Bc5 26. Nxc5 Rxc5 27. Kg1
Rc7 28. Red2 Bc6 29. Kf2 Bd7 30. f4 Rb8 31. Nc2 a5 32. Ne3 b4 33. axb4 axb4 34.
c4 Ba4 35. Ra1 Bb3 36. cxd5 exd5 37. Ra5 Rd8 38. Nxd5 Bxd5 39. Raxd5 Rxd5 40.
Rxd5 Rc2+ 41. Kg3 Rxb2 42. Rb5 Kf8 43. Rb7 Rb3+ 44. Kg4 Rb2 45. g3 Rxh2 46.
Rxb4 h5+ 47. Kg5 Kg7 48. f5 gxf5 49. Kxf5 Rh3 50. Rh4 Rxg3 51. Rxh5 1/2-1/2

[Event "XXXIV Festival Conca della Presolana Open A"]
[Site "Bratto - Castione della Presolana ITA"]
[Date "2014.08.29"]
[Round "7"]
[White "Guerini, Silvia jr"]
[Black "Cerutti, Fabio Maria"]
[WhiteElo "1858"]
[BlackElo "1761"]
[Result "1-0"]
[PlyCount "67"]
[EventDate "2014.08.23"]

1. e4 c5 2. Nf3 Nc6 3. d4 cxd4 4. Nxd4 Nf6 5. Nc3 e5 6. Ndb5 d6 7. a4 a6 8. Na3
Be6 9. Bc4 h6 10. Be3 Nb4 11. O-O d5 12. exd5 Nbxd5 13. Nxd5 Bxd5 14. Qe2 Qc7
15. Bxd5 Nxd5 16. Nc4 Nxe3 17. Nxe3 O-O-O 18. c4 f6 19. Rfc1 Bc5 20. Nd5 Qa5
21. Rcb1 Bb4 22. Qe4 Qc5 23. a5 Qd6 24. Ra4 Bc5 25. b4 Bd4 26. b5 axb5 27. Rxb5
Rd7 28. Rab4 Bc5 29. Rb1 Rf8 30. Rxc5+ Qxc5 31. Nb6+ Kd8 32. Nxd7 Kxd7 33.
Qxb7+ Qc7 34. Rd1+ 1-0

[Event "XXXIV Festival Conca della Presolana Open A"]
[Site "Bratto - Castione della Presolana ITA"]
[Date "2014.08.29"]
[Round "7"]
[White "Iasman, Inna"]
[Black "Gagliardi, Claudio"]
[WhiteElo "1945"]
[BlackElo "1779"]
[Result "1/2-1/2"]
[PlyCount "141"]
[EventDate "2014.08.23"]

1. d4 Nf6 2. c4 e6 3. Nf3 d5 4. Nc3 Be7 5. Bg5 h6 6. Bh4 O-O 7. e3 b6 8. Bd3
Bb7 9. O-O Nbd7 10. Rc1 c5 11. cxd5 exd5 12. Re1 Ne4 13. Bxe7 Qxe7 14. dxc5
bxc5 15. Qb3 Ndf6 16. Qa3 a6 17. h3 Rfe8 18. Red1 Rac8 19. Ne2 c4 20. Qxe7 Rxe7
21. Bxe4 Nxe4 22. Nc3 Nxc3 23. Rxc3 Re4 24. Nd4 g6 25. Ne2 Rce8 26. Nf4 R4e5
27. Rd4 Kg7 28. Ra3 g5 29. Ne2 R8e6 30. Ra5 Rb6 31. Rd2 Rb5 32. Ra3 Rb4 33. Nc3
Re6 34. Ra4 Rxa4 35. Nxa4 a5 36. Kf1 Bc6 37. Nc3 Rd6 38. g4 Rd7 39. Ke1 a4 40.
a3 Kg6 41. Ne2 Bb7 42. Nc3 Bc6 43. Ke2 h5 44. f3 hxg4 45. hxg4 f6 46. Kf2 f5
47. gxf5+ Kxf5 48. Ne2 Ke5 49. Kg3 Rg7 50. Nd4 Bd7 51. Rh2 Bf5 52. Rh8 Bd3 53.
Rh6 Rg6 54. Rxg6 Bxg6 55. Kg4 Kf6 56. f4 gxf4 57. Kxf4 Bh7 58. Ne2 Ke6 59. Nc3
Bc2 60. Nb5 Be4 61. Nc3 Bc2 62. Ne2 Be4 63. Ng3 Bc2 64. Nf1 Bd3 65. Nd2 Kf6 66.
e4 d4 67. Nf3 c3 68. bxc3 dxc3 69. Ke3 Bxe4 70. Ne1 c2 71. Kd2 1/2-1/2

[Event "XXXIV Festival Conca della Presolana Open A"]
[Site "Bratto - Castione della Presolana ITA"]
[Date "2014.08.29"]
[Round "7"]
[White "Lavorgna, Filippo"]
[Black "D'Amato, Piergiorgio"]
[WhiteElo "1753"]
[BlackElo "1833"]
[Result "1/2-1/2"]
[PlyCount "80"]
[EventDate "2014.08.23"]

1. Nf3 Nf6 2. c4 e6 3. g3 d5 4. Bg2 c6 5. b3 Bd6 6. d4 Nbd7 7. Bb2 O-O 8. O-O
Re8 9. Nbd2 e5 10. cxd5 Nxd5 11. Nc4 Bc7 12. dxe5 N7b6 13. Qd4 Be6 14. Rfd1
Nxc4 15. bxc4 Nb6 16. Qc3 Qe7 17. Ba3 c5 18. Nd2 Rab8 19. f4 Red8 20. Ne4 Nxc4
21. Bxc5 Bb6 22. Bxb6 axb6 23. f5 Bd5 24. Rxd5 Rxd5 25. Qxc4 Qxe5 26. Rc1 Rbd8
27. Qxd5 Qxd5 28. Nf6+ gxf6 29. Bxd5 Rxd5 30. e4 Rd2 31. Rb1 Rxa2 32. Rxb6 Ra4
33. Rxf6 Rxe4 34. Rb6 Re2 35. Rxb7 Kg7 36. Rb4 Kf6 37. Rf4 Kg5 38. h4+ Kf6 39.
Kf1 Ra2 40. Kg1 h5 1/2-1/2

[Event "XXXIV Festival Conca della Presolana Open A"]
[Site "Bratto - Castione della Presolana ITA"]
[Date "2014.08.29"]
[Round "7"]
[White "Listello, Massimiliano"]
[Black "Dormio, Luca"]
[WhiteElo "1787"]
[BlackElo "1840"]
[Result "1-0"]
[PlyCount "82"]
[EventDate "2014.08.23"]

1. e4 e6 2. d4 d5 3. Nc3 Bb4 4. e5 c5 5. a3 Bxc3+ 6. bxc3 Qc7 7. Qg4 f5 8. Qf3
Nc6 9. Ne2 Nge7 10. h4 Bd7 11. Rb1 O-O-O 12. Qd3 cxd4 13. cxd4 Na5 14. Bg5 Rde8
15. Bxe7 Rxe7 16. Rb4 Nc6 17. Rb1 Qa5+ 18. Nc3 Be8 19. Be2 Rc7 20. Rh3 f4 21.
h5 Rf8 22. Rb3 Ne7 23. Bg4 Nf5 24. Bxf5 Rxf5 25. Kf1 g5 26. f3 Rg7 27. Nb5 Bxb5
28. Rxb5 Qa4 29. Qc3+ Rc7 30. Rc5 Rff7 31. Ke2 b6 32. Rxc7+ Rxc7 33. Qd3 Qxc2+
34. Qxc2 Rxc2+ 35. Kf1 Rd2 36. h6 Rd3 37. Rh5 g4 38. fxg4 Rg3 39. Rg5 Kc7 40.
Rg7+ Kc6 41. g5 Kb5 1-0

[Event "XXXIV Festival Conca della Presolana Open A"]
[Site "Bratto - Castione della Presolana ITA"]
[Date "2014.08.29"]
[Round "7"]
[White "Mascheroni, Maurizio"]
[Black "Bettini, Alessandro"]
[WhiteElo "1996"]
[BlackElo "1829"]
[Result "1/2-1/2"]
[PlyCount "22"]
[EventDate "2014.08.23"]

1. e4 Nc6 2. d4 d5 3. e5 Bf5 4. c3 e6 5. Bd3 Bg6 6. f4 Nh6 7. Nf3 Be7 8. O-O
O-O 9. Be3 Ng4 10. Qe2 Bxd3 11. Qxd3 Nxe3 1/2-1/2

[Event "XXXIV Festival Conca della Presolana Open A"]
[Site "Bratto - Castione della Presolana ITA"]
[Date "2014.08.29"]
[Round "7"]
[White "Milanesi, Erminio"]
[Black "Saracco, Marco"]
[WhiteElo "1794"]
[BlackElo "1840"]
[Result "1/2-1/2"]
[PlyCount "94"]
[EventDate "2014.08.23"]

1. g3 d5 2. Nh3 Nf6 3. f3 e5 4. Nf2 Bd6 5. Bg2 c5 6. O-O O-O 7. d3 Nc6 8. Bg5
Be6 9. Nc3 Be7 10. Bxf6 Bxf6 11. e4 d4 12. Ne2 Be7 13. g4 Qd7 14. Ng3 Bg5 15.
Kh1 Bf4 16. Nh5 Qe7 17. Nxf4 exf4 18. Qd2 g5 19. h4 h6 20. Nh3 Qf6 21. h5 Ne5
22. Nf2 Rfd8 23. b3 Qe7 24. Kh2 Qd7 25. Kh3 f6 26. Qe2 Qf7 27. Kh2 Qc7 28. Bh3
Bd7 29. Kg2 Bb5 30. Nd1 Bc6 31. a4 b6 32. Nb2 a6 33. Kf2 Ra7 34. Ra2 Rda8 35.
Rfa1 b5 36. Qd2 Kg7 37. Rc1 Qb6 38. Qe1 Rd7 39. Bf1 Rad8 40. Rca1 Bb7 41. axb5
axb5 42. Qa5 Qc6 43. Qd2 Rc7 44. Ra7 Ra8 45. Rxa8 Bxa8 46. Qa5 Bb7 47. Qd2 Qb6
1/2-1/2

[Event "XXXIV Festival Conca della Presolana Open A"]
[Site "Bratto - Castione della Presolana ITA"]
[Date "2014.08.29"]
[Round "7"]
[White "Nunziata, Vincenzo"]
[Black "Gennaro, Isabella"]
[WhiteElo "1911"]
[BlackElo "1819"]
[Result "1/2-1/2"]
[PlyCount "99"]
[EventDate "2014.08.23"]

1. d4 d5 2. Nf3 Nf6 3. Bf4 e6 4. e3 c5 5. c3 Nc6 6. Be2 Bd6 7. Bg3 Bxg3 8. hxg3
b6 9. Qa4 Bd7 10. Qc2 Qc7 11. Nbd2 h6 12. O-O-O O-O-O 13. Kb1 Ng4 14. Rhf1 Ne7
15. e4 c4 16. Nh4 f5 17. e5 Be8 18. Ka1 g5 19. Nhf3 Ng6 20. b3 cxb3 21. Qxb3
Qd7 22. Rc1 Qa4 23. c4 Qxb3 24. cxd5+ Kb8 25. Nxb3 exd5 26. Ba6 Rh7 27. Rc2 Rc7
28. Rfc1 Rxc2 29. Rxc2 Ne7 30. Ne1 Ba4 31. Nd3 Rd7 32. Nb4 Rc7 33. Rxc7 Kxc7
34. f3 Ne3 35. Bd3 Nxg2 36. Na6+ Kb7 37. Nbc5+ bxc5 38. Nxc5+ Kc7 39. Nxa4 Ne1
40. Be2 Nc2+ 41. Kb2 Nxd4 42. Bd1 Ng6 43. Nc3 Nxe5 44. Nxd5+ Kd6 45. Ne3 Ke6
46. f4 gxf4 47. gxf4 Ng6 48. Kc3 Nb5+ 49. Kb4 Nd6 50. Bb3+ 1/2-1/2

[Event "XXXIV Festival Conca della Presolana Open A"]
[Site "Bratto - Castione della Presolana ITA"]
[Date "2014.08.29"]
[Round "7"]
[White "Oppici, Gabriele"]
[Black "Coppola, Federico"]
[WhiteElo "1963"]
[BlackElo "1904"]
[Result "1/2-1/2"]
[PlyCount "35"]
[EventDate "2014.08.23"]

1. d4 Nf6 2. Nf3 g6 3. Bf4 Bg7 4. e3 O-O 5. h3 d6 6. Be2 c5 7. O-O Nbd7 8. c4
Ne4 9. Nbd2 Nxd2 10. Qxd2 cxd4 11. exd4 e5 12. Bh6 e4 13. Ne1 Bxh6 14. Qxh6 f5
15. f3 Nf6 16. Nc2 Bd7 17. Rac1 Qe7 18. Rfe1 1/2-1/2

[Event "XXXIV Festival Conca della Presolana Open A"]
[Site "Bratto - Castione della Presolana ITA"]
[Date "2014.08.29"]
[Round "7"]
[White "Papa, Angelo"]
[Black "Coqueraut, Jean Dominique"]
[WhiteElo "1754"]
[BlackElo "1794"]
[Result "1-0"]
[PlyCount "88"]
[EventDate "2014.08.23"]

1. d4 Nf6 2. c4 d6 3. Nc3 g6 4. e4 Bg7 5. f3 Nbd7 6. Nh3 c6 7. Nf2 e5 8. d5 Nb6
9. Be3 O-O 10. Bd3 Bd7 11. O-O Nh5 12. c5 dxc5 13. Bxc5 Re8 14. a4 Nf4 15. g3
Qg5 16. a5 Nc8 17. Kh1 Nxd3 18. Qxd3 Rd8 19. Rad1 Be8 20. Qc4 b5 21. Qe2 a6 22.
b4 Bf8 23. Bxf8 Kxf8 24. Nd3 Nd6 25. Nc5 Qf6 26. f4 Kg8 27. dxc6 Bxc6 28. Nd5
Bxd5 29. Rxd5 exf4 30. e5 Qe7 31. gxf4 Nf5 32. Rfd1 Rxd5 33. Rxd5 Qh4 34. Qd2
Qg4 35. Rd8+ Rxd8 36. Qxd8+ Kg7 37. Qf6+ Kh6 38. Qg5+ Qxg5 39. fxg5+ Kxg5 40.
Nxa6 Ne3 41. Nc7 Nc4 42. Nxb5 Kf5 43. Nd6+ Nxd6 44. exd6 Ke6 1-0

[Event "XXXIV Festival Conca della Presolana Open A"]
[Site "Bratto - Castione della Presolana ITA"]
[Date "2014.08.29"]
[Round "7"]
[White "Pirrello, Christian"]
[Black "Mortola, Alberto"]
[WhiteElo "1691"]
[BlackElo "1949"]
[Result "0-1"]
[PlyCount "102"]
[EventDate "2014.08.23"]

1. d4 f5 2. c4 Nf6 3. Nc3 g6 4. g3 Bg7 5. Bg2 d6 6. Nf3 Nc6 7. O-O O-O 8. Re1
e5 9. dxe5 Nxe5 10. Nxe5 dxe5 11. e4 Qxd1 12. Rxd1 f4 13. Nd5 Nxd5 14. cxd5 f3
15. Bf1 c6 16. dxc6 bxc6 17. Bc4+ Kh8 18. Be3 Bh3 19. Rd6 Rfc8 20. Rad1 Bf8 21.
Bg5 h6 22. Bf6+ Bg7 23. Bxg7+ Kxg7 24. Be6 Bxe6 25. Rxe6 Rd8 26. Red6 Rxd6 27.
Rxd6 Rb8 28. b3 c5 29. Rd3 Rf8 30. Kf1 a5 31. a4 g5 32. h3 h5 33. Ke1 Rb8 34.
Rxf3 Rb4 35. Re3 c4 36. bxc4 Rxc4 37. Ra3 Rxe4+ 38. Kd2 Kf6 39. f3 Rb4 40. Ke3
g4 41. fxg4 hxg4 42. h4 Kf5 43. Kd3 e4+ 44. Ke3 Ke5 45. Rc3 Kd5 46. h5 Rb1 47.
Rc8 Re1+ 48. Kf2 Rh1 49. Ra8 Kd4 50. Rxa5 e3+ 51. Kg2 e2 0-1

[Event "XXXIV Festival Conca della Presolana Open A"]
[Site "Bratto - Castione della Presolana ITA"]
[Date "2014.08.29"]
[Round "7"]
[White "Rizzi, Volfango"]
[Black "Guerini, Sara"]
[WhiteElo "1850"]
[BlackElo "1766"]
[Result "1/2-1/2"]
[PlyCount "45"]
[EventDate "2014.08.23"]

1. e4 e5 2. Nf3 Nc6 3. Bb5 a6 4. Ba4 Nf6 5. d3 b5 6. Bb3 Be7 7. Bd5 Nxd5 8.
exd5 Nd4 9. Nxe5 d6 10. Nc6 Nxc6 11. dxc6 d5 12. Bf4 O-O 13. O-O Bd6 14. Qf3
Be6 15. Nd2 Bc5 16. Qg3 Bb6 17. Nf3 Rc8 18. Rfe1 d4 19. Bg5 Qd6 20. Bf4 Qd8 21.
Bg5 Qd6 22. Bf4 Qd8 23. Bg5 1/2-1/2

[Event "XXXIV Festival Conca della Presolana Open A"]
[Site "Bratto - Castione della Presolana ITA"]
[Date "2014.08.29"]
[Round "7"]
[White "Rorato, Renzo"]
[Black "Rossini, Fulvio"]
[WhiteElo "2012"]
[BlackElo "1930"]
[Result "1/2-1/2"]
[PlyCount "80"]
[EventDate "2014.08.23"]

1. Nf3 Nf6 2. c4 d6 3. d4 g6 4. Nc3 Bg7 5. e4 O-O 6. Be2 e5 7. O-O exd4 8. Nxd4
Nc6 9. Nxc6 bxc6 10. Bg5 Qe8 11. f3 Rb8 12. Qd2 Qe5 13. b3 Ng4 14. fxg4 Qxc3
15. Qxc3 Bxc3 16. Rad1 c5 17. Bf3 Bb7 18. Rd3 Bd4+ 19. Kh1 Rfe8 20. b4 Kg7 21.
bxc5 dxc5 22. Rb3 Ba8 23. Ra3 Bxe4 24. Rxa7 Bd3 25. Rd1 Bxc4 26. Bf4 Rb2 27. a4
Bb3 28. Rf1 Rf2 29. Rb1 c4 30. Rxc7 Be5 31. Bxe5+ Rxe5 32. h4 Ra5 33. Re1 Rxa4
34. Ree7 c3 35. Rxc3 Ba2 36. Kh2 Rd2 37. Rcc7 Rd6 38. Kg3 Rad4 39. Ra7 Be6 40.
Re8 Bd7 1/2-1/2

[Event "XXXIV Festival Conca della Presolana Open A"]
[Site "Bratto - Castione della Presolana ITA"]
[Date "2014.08.29"]
[Round "7"]
[White "Scagliotti, Guglielmo"]
[Black "Villa, Claudio"]
[WhiteElo "1910"]
[BlackElo "1796"]
[Result "1/2-1/2"]
[PlyCount "80"]
[EventDate "2014.08.23"]

1. e4 e5 2. f4 exf4 3. Nf3 d5 4. exd5 Qxd5 5. d4 Bd6 6. c4 Bb4+ 7. Nc3 Qe4+ 8.
Qe2 Nf6 9. Bxf4 c6 10. Nd2 Bxc3 11. bxc3 Qxe2+ 12. Bxe2 O-O 13. O-O Be6 14.
Rab1 b6 15. Bf3 Rc8 16. h3 Nbd7 17. Rbe1 a6 18. a4 Ra7 19. Ra1 h6 20. Rfb1 g5
21. Be3 Bf5 22. Re1 Kg7 23. g4 Bd3 24. Bf2 c5 25. d5 Re8 26. Rxe8 Nxe8 27. Bg3
f5 28. gxf5 Bxf5 29. Kh2 Ndf6 30. Re1 h5 31. h4 gxh4 32. Bxh4 Kg6 33. Rg1+ Kh7
34. Rg5 Bg4 35. Bxg4 Nxg4+ 36. Kg3 Nef6 37. Rf5 Kg6 38. Rf1 Re7 39. Bxf6 Nxf6
40. Rb1 Nd7 1/2-1/2

[Event "XXXIV Festival Conca della Presolana Open A"]
[Site "Bratto - Castione della Presolana ITA"]
[Date "2014.08.30"]
[Round "8"]
[White "Bettini, Alessandro"]
[Black "Listello, Massimiliano"]
[WhiteElo "1829"]
[BlackElo "1787"]
[Result "1/2-1/2"]
[PlyCount "132"]
[EventDate "2014.08.23"]

1. d4 e6 2. Nf3 f5 3. Bg5 Nf6 4. e3 Be7 5. Be2 O-O 6. O-O d6 7. c4 Ne4 8. Bxe7
Qxe7 9. Nc3 Nxc3 10. bxc3 c6 11. Ne1 e5 12. f4 exf4 13. exf4 Qe3+ 14. Rf2 Qxc3
15. Rf3 Qa5 16. Qb3 Qb6 17. Qd1 Re8 18. Rb1 Qc7 19. d5 c5 20. Bd3 Na6 21. a3
Qf7 22. Rh3 Nc7 23. Nf3 Qf6 24. Qc2 Re4 25. Qd2 h6 26. Rg3 Re7 27. Kf2 Kh8 28.
Rh3 Kg8 29. Rg3 b6 30. Qc2 b5 31. cxb5 Nxd5 32. Bc4 Be6 33. Bxd5 Bxd5 34. Qb2
Qxb2+ 35. Rxb2 Bxf3 36. Rxf3 Kf7 37. Rd2 Rd7 38. Rfd3 Rad8 39. Rd5 Ke6 40. a4
a6 41. bxa6 Ra8 42. R5d3 Rxa6 43. Re3+ Kf7 44. Ra3 d5 45. Rc3 Rxa4 46. Rxc5
Rxf4+ 47. Kg3 Rg4+ 48. Kf3 Ke6 49. Rc6+ Ke5 50. Rc8 Re4 51. Re8+ Kd6 52. Rf8 g6
53. Rh8 h5 54. Rg8 Re6 55. Kf4 Re4+ 56. Kg5 Rg4+ 57. Kh6 d4 58. Rxg6+ Ke5 59.
Kxh5 Rh7+ 60. Rh6 Rxh6+ 61. Kxh6 Rh4+ 62. Kg5 Rxh2 63. Re2+ Kd5 64. Kxf5 d3 65.
Ra2 Kd4 66. Kf4 Rh8 1/2-1/2

[Event "XXXIV Festival Conca della Presolana Open A"]
[Site "Bratto - Castione della Presolana ITA"]
[Date "2014.08.30"]
[Round "8"]
[White "Cerutti, Fabio Maria"]
[Black "Papa, Angelo"]
[WhiteElo "1761"]
[BlackElo "1754"]
[Result "1-0"]
[PlyCount "59"]
[EventDate "2014.08.23"]

1. e4 g6 2. d4 Bg7 3. Nc3 c6 4. f4 d5 5. e5 Nh6 6. Nf3 O-O 7. Bd3 Bg4 8. O-O f6
9. Qe1 Bxf3 10. Rxf3 fxe5 11. fxe5 Rxf3 12. gxf3 e6 13. Qg3 Qf8 14. Qh3 Nf5 15.
Bxf5 Qxf5 16. Qxf5 gxf5 17. Ne2 Kf7 18. Bg5 Nd7 19. Kf2 Rg8 20. Rd1 Bf8 21. f4
Be7 22. Bxe7 Kxe7 23. Rd3 c5 24. Rb3 b6 25. Rh3 Rg7 26. dxc5 Nxc5 27. b4 Ne4+
28. Kf1 Kd8 29. Nd4 Re7 30. Nc6+ 1-0

[Event "XXXIV Festival Conca della Presolana Open A"]
[Site "Bratto - Castione della Presolana ITA"]
[Date "2014.08.30"]
[Round "8"]
[White "Coppola, Federico"]
[Black "Bex, Lennert"]
[WhiteElo "1904"]
[BlackElo "1882"]
[Result "1/2-1/2"]
[PlyCount "55"]
[EventDate "2014.08.23"]

1. Nf3 d6 2. d4 g6 3. e4 Bg7 4. h3 Nf6 5. Nc3 e6 6. Be2 Nc6 7. Be3 O-O 8. O-O
e5 9. dxe5 dxe5 10. Bb5 Bd7 11. Qe2 Qe7 12. Nd5 Nxd5 13. exd5 Nd4 14. Bxd4 Bxb5
15. Qxb5 exd4 16. Rad1 c6 17. dxc6 bxc6 18. Qc4 c5 19. Ne1 Rab8 20. Nd3 Rfc8
21. Rfe1 Qc7 22. Re2 Re8 23. Rde1 Rxe2 24. Rxe2 Rc8 25. b3 Bf8 26. Nb2 Qc6 27.
Qd3 Re8 28. a4 1/2-1/2

[Event "XXXIV Festival Conca della Presolana Open A"]
[Site "Bratto - Castione della Presolana ITA"]
[Date "2014.08.30"]
[Round "8"]
[White "Dormio, Luca"]
[Black "Milanesi, Erminio"]
[WhiteElo "1840"]
[BlackElo "1794"]
[Result "1-0"]
[PlyCount "91"]
[EventDate "2014.08.23"]

1. Nf3 g6 2. d4 Nh6 3. e4 f6 4. Bc4 e6 5. e5 Nf7 6. exf6 Qxf6 7. Nc3 c6 8. Ne4
Qd8 9. Bd3 Bg7 10. Bf4 d5 11. Neg5 O-O 12. Qd2 Qe7 13. Nxf7 Rxf7 14. O-O-O c5
15. Ne5 Bxe5 16. Bxe5 Nc6 17. h4 Nxe5 18. dxe5 c4 19. Be2 Rf5 20. f4 c3 21. Qd4
cxb2+ 22. Kxb2 Bd7 23. h5 Be8 24. g4 Rf8 25. hxg6 Bxg6 26. Bd3 Bxd3 27. Rxd3
Rac8 28. Rdh3 Rc4 29. Qd3 Rf7 30. f5 Qb4+ 31. Kc1 Rd4 32. Qe3 Rxg4 33. fxe6 Re7
34. Qf3 Qf4+ 35. Qxf4 Rxf4 36. Rd3 d4 37. Rg3+ Kf8 38. c3 Rxe6 39. cxd4 Rc6+
40. Kb2 Rf2+ 41. Kb3 Rb6+ 42. Kc4 Rc2+ 43. Kd5 Rb5+ 44. Kd6 Rb6+ 45. Kd7 Rf2
46. e6 1-0

[Event "XXXIV Festival Conca della Presolana Open A"]
[Site "Bratto - Castione della Presolana ITA"]
[Date "2014.08.30"]
[Round "8"]
[White "Foglieni, Matteo"]
[Black "Boccalatte, Piero"]
[WhiteElo "1961"]
[BlackElo "1924"]
[Result "1/2-1/2"]
[PlyCount "78"]
[EventDate "2014.08.23"]

1. Nf3 d5 2. g3 Nf6 3. Bg2 c6 4. O-O Bf5 5. b3 e6 6. Bb2 h6 7. d3 Be7 8. Nbd2
O-O 9. Qe1 Nbd7 10. e4 dxe4 11. dxe4 Bh7 12. Qe2 Qc7 13. Ne1 e5 14. Nef3 b5 15.
Nh4 Rfe8 16. Nf5 Bc5 17. g4 Nf8 18. Nf3 Ng6 19. N3h4 Nf4 20. Qf3 Bf8 21. Ng3
Rad8 22. Rfd1 g5 23. Nhf5 Bxf5 24. Nxf5 Nd7 25. a4 a6 26. Bf1 Re6 27. axb5 axb5
28. Bc3 Bg7 29. Ba5 Nb6 30. Rxd8+ Qxd8 31. Qe3 c5 32. Qxc5 Qa8 33. f3 Bf8 34.
Qxb5 Qa7 35. Kh1 Nc8 36. Bc3 Qf2 37. Bxe5 Qxf3+ 38. Kg1 Qxg4+ 39. Kf2 Ng6
1/2-1/2

[Event "XXXIV Festival Conca della Presolana Open A"]
[Site "Bratto - Castione della Presolana ITA"]
[Date "2014.08.30"]
[Round "8"]
[White "Franciosi, Claudio"]
[Black "Lavorgna, Filippo"]
[WhiteElo "1727"]
[BlackElo "1753"]
[Result "0-1"]
[PlyCount "30"]
[EventDate "2014.08.23"]

1. e4 c6 2. d4 d5 3. exd5 cxd5 4. c4 Nf6 5. Nc3 Nc6 6. Nf3 Bg4 7. Be3 e6 8. a3
dxc4 9. Bxc4 Nd5 10. Nxd5 exd5 11. Bb5 Qa5+ 12. Bd2 Qxb5 13. a4 Qd3 14. h3 Bxf3
15. gxf3 Nxd4 0-1

[Event "XXXIV Festival Conca della Presolana Open A"]
[Site "Bratto - Castione della Presolana ITA"]
[Date "2014.08.30"]
[Round "8"]
[White "Gardi, Giuseppe"]
[Black "Gagliardi, Claudio"]
[WhiteElo "1965"]
[BlackElo "1779"]
[Result "1/2-1/2"]
[PlyCount "36"]
[EventDate "2014.08.23"]

1. d4 Nf6 2. c4 e6 3. Nf3 d5 4. cxd5 exd5 5. Nc3 Be7 6. Bg5 O-O 7. Qc2 h6 8.
Bf4 c6 9. e3 Be6 10. Bd3 Nbd7 11. h3 a6 12. O-O c5 13. Bf5 Bxf5 14. Qxf5 g6 15.
Qb1 Kh7 16. Re1 Qb6 17. Ne5 Rad8 18. Na4 Qb5 1/2-1/2

[Event "XXXIV Festival Conca della Presolana Open A"]
[Site "Bratto - Castione della Presolana ITA"]
[Date "2014.08.30"]
[Round "8"]
[White "Gennaro, Isabella"]
[Black "Pirrello, Christian"]
[WhiteElo "1819"]
[BlackElo "1691"]
[Result "1-0"]
[PlyCount "37"]
[EventDate "2014.08.23"]

1. e4 c6 2. d4 d5 3. e5 Bf5 4. Nc3 e6 5. g4 Bg6 6. Nge2 h6 7. Be3 Nd7 8. Nf4
Bh7 9. a3 c5 10. Bb5 cxd4 11. Bxd4 a6 12. Bd3 Bxd3 13. Qxd3 Qc7 14. O-O Bc5 15.
Nxe6 fxe6 16. Qg6+ Kf8 17. Nxd5 exd5 18. e6 Ndf6 19. Bxc5+ 1-0

[Event "XXXIV Festival Conca della Presolana Open A"]
[Site "Bratto - Castione della Presolana ITA"]
[Date "2014.08.30"]
[Round "8"]
[White "Mortola, Alberto"]
[Black "Guerini, Silvia jr"]
[WhiteElo "1949"]
[BlackElo "1858"]
[Result "1-0"]
[PlyCount "57"]
[EventDate "2014.08.23"]

1. d4 Nf6 2. Nf3 g6 3. Bf4 Bg7 4. e3 d6 5. Nbd2 O-O 6. c3 Nbd7 7. Bc4 b6 8. Qb3
h6 9. g4 Bb7 10. g5 hxg5 11. Bxg5 d5 12. Bd3 c5 13. Be2 cxd4 14. exd4 Qe8 15.
O-O-O e5 16. Rde1 Ne4 17. Be3 Rc8 18. h4 exd4 19. Nxd4 Nxd2 20. Kxd2 Nc5 21.
Qd1 Ne4+ 22. Kc2 a5 23. Bb5 Qe7 24. h5 Qc5 25. Nf5 Qxb5 26. Ne7+ Kh8 27. hxg6+
Bh6 28. Bd4+ f6 29. Rxh6+ 1-0

[Event "XXXIV Festival Conca della Presolana Open A"]
[Site "Bratto - Castione della Presolana ITA"]
[Date "2014.08.30"]
[Round "8"]
[White "Oppici, Gabriele"]
[Black "Rorato, Renzo"]
[WhiteElo "1963"]
[BlackElo "2012"]
[Result "1-0"]
[PlyCount "87"]
[EventDate "2014.08.23"]

1. d4 d5 2. Nf3 Nf6 3. Bf4 c5 4. e3 Nc6 5. c3 Qb6 6. Qc1 Bf5 7. Nbd2 Nh5 8. Bg3
Nxg3 9. hxg3 h6 10. Be2 e6 11. O-O Rc8 12. Rd1 a6 13. dxc5 Bxc5 14. Nb3 Be7 15.
Nbd4 Bh7 16. Bd3 Bxd3 17. Rxd3 O-O 18. Rd1 Na5 19. Ne5 Qc7 20. Nef3 Bf6 21. Qd2
Nc4 22. Qe2 Qb6 23. Rab1 Nd6 24. Nd2 Rfd8 25. Qh5 Nc4 26. N2f3 Rd6 27. g4 Qd8
28. g3 Rb6 29. b3 Nd6 30. g5 Bxg5 31. Ne5 Qe7 32. f4 Bf6 33. Nef3 Ne4 34. g4
Rxc3 35. g5 hxg5 36. Rb2 g6 37. Qh3 gxf4 38. Rh2 Rd6 39. exf4 Rd8 40. Qh7+ Kf8
41. Ne5 Bxe5 42. fxe5 Qg5+ 43. Rg2 Rg3 44. Nxe6+ 1-0

[Event "XXXIV Festival Conca della Presolana Open A"]
[Site "Bratto - Castione della Presolana ITA"]
[Date "2014.08.30"]
[Round "8"]
[White "Oteri, Aldo"]
[Black "Girgenti, Giuseppe"]
[WhiteElo "1752"]
[BlackElo "1960"]
[Result "0-1"]
[PlyCount "30"]
[EventDate "2014.08.23"]

1. e4 e5 2. Nf3 Nc6 3. Bb5 a6 4. Ba4 Nf6 5. d4 Nxe4 6. O-O Be7 7. Qe2 d5 8. c4
O-O 9. cxd5 Qxd5 10. Rd1 Nxd4 11. Nxd4 exd4 12. Bc2 Bf5 13. f3 Bc5 14. Be3 Nd6
15. Bb3 Qe5 0-1

[Event "XXXIV Festival Conca della Presolana Open A"]
[Site "Bratto - Castione della Presolana ITA"]
[Date "2014.08.30"]
[Round "8"]
[White "Raselli, Claudio"]
[Black "D'Amato, Piergiorgio"]
[WhiteElo "1867"]
[BlackElo "1833"]
[Result "1/2-1/2"]
[PlyCount "56"]
[EventDate "2014.08.23"]

1. Nf3 Nf6 2. c4 e6 3. b3 d5 4. Bb2 Nbd7 5. g3 c6 6. Bg2 Bd6 7. d4 O-O 8. O-O
Re8 9. Ne5 Nf8 10. Nd2 N6d7 11. e4 Nf6 12. Nxf7 Kxf7 13. e5 Bc7 14. exf6 Qxf6
15. Nf3 Ng6 16. Ne5+ Nxe5 17. dxe5 Qf5 18. Qf3 Qxf3 19. Bxf3 Kg8 20. Rac1 Bb6
21. c5 Bc7 22. Be2 Bd7 23. Bd3 b6 24. b4 a5 25. b5 Rec8 26. bxc6 Bxc6 27. cxb6
Bxb6 28. Ba3 Bd7 1/2-1/2

[Event "XXXIV Festival Conca della Presolana Open A"]
[Site "Bratto - Castione della Presolana ITA"]
[Date "2014.08.30"]
[Round "8"]
[White "Romagnoli, Thomas"]
[Black "Scagliotti, Guglielmo"]
[WhiteElo "1708"]
[BlackElo "1910"]
[Result "0-1"]
[PlyCount "42"]
[EventDate "2014.08.23"]

1. e4 c5 2. Nf3 d6 3. d4 cxd4 4. Nxd4 Nf6 5. Nc3 a6 6. Bg5 e6 7. f4 Qc7 8. Qf3
Be7 9. O-O-O Nc6 10. Be2 Bd7 11. Qg3 Rc8 12. Nxc6 Bxc6 13. Bd3 h6 14. Bh4 O-O
15. Rhe1 b5 16. Bxf6 Bxf6 17. e5 dxe5 18. fxe5 Bg5+ 19. Kb1 Rfd8 20. Ne4 Bxe4
21. Rxe4 Qxc2+ 0-1